| 000 | 00486cam a22002051 4500 | ||
|---|---|---|---|
| 001 | sa 65009716 | ||
| 003 | DLC | ||
| 005 | 20260227112204.0 | ||
| 008 | 920115s1963 ii 000 0 tamo | ||
| 010 | _asa 65009716 | ||
| 035 | _a(OCoLC)25116975 | ||
| 040 |
_aDLC _cWaU _dDLC |
||
| 042 | _apremarc | ||
| 050 | 0 | 0 |
_aPL4758.9.A33 _bC3 |
| 100 | 0 |
_aAkilan̲, _d1922-1988. |
|
| 245 | 1 | 0 | _aCakōtarar an̲r̲ō? |
| 260 | _c[1963] | ||
| 300 |
_avi, 152 p. _c18 cm. |
||
| 500 | _aIn Tamil. | ||
| 999 |
_c66378 _d66378 |
||